000 00301nam a22001217a 4500
008 260424b |||||||| |||| 00| 0 eng d
082 _a001341
100 _aJha Ratinath
245 _aKadambari Shree Banabhatta Praneeta
260 _aDelhi
_bMotilal Banarasidass
_c2017
300 _a179p
942 _2ddc
999 _c1326
_d1326